| 000 | 00920nam a2200181Ia 4500 | ||
|---|---|---|---|
| 008 | 100920s9999 xx 000 0 und d | ||
| 082 |
_b82333 _a28 व 51 न 02 |
||
| 100 | _aतरवडे विजय. | ||
| 245 | _aमहाराष्ट्राचे मुख्यमंत्री श्री मारोतराव कन्नमवार. | ||
| 260 |
_bआविष्कार प्रकाशन, मुंबई. _c2002 |
||
| 300 |
_a40 _bसाधी |
||
| 365 | _b20 | ||
| 520 | _aबा. वि चरित्र. | ||
| 630 | _aमहाराष्ट्राचे मुख्यमंत्री श्री मारोतराव कन्नमवार. | ||
| 650 | _aबा. वि चरित्र. | ||
| 730 | _aमहाराष्ट्राचे मुख्यमंत्री श्री मारोतराव कन्नमवार. | ||
| 942 | _cBOOK | ||
| 999 |
_c723049 _d723046 |
||